Statistics for Zoology by Letter - B

Click here to take the quiz!

General Stats

  • This quiz has been taken 123 times
  • The average score is 10 of 17

Answer Stats

HintAnswer% Correct
The largest animal to have ever livedBlue whale
85%
Sponges and jellyfish lack this organBrain
84%
Crustacean found on boats, piers, etc.Barnacle
82%
Protective layer of fat on aquatic mammalsBlubber
82%
A male elephant, moose, or sealBull
80%
Wild bovine of North AmericaBison
79%
Insects that make up 25% of all known animalsBeetles
72%
More easy-going cousin of chimpanzeesBonobo
69%
A type of ecosystem such as savanna, tundra, etc.Biome
68%
Fish that inflates to deter predatorsBlowfish
60%
Type of mollusc with a two-part shellBivalve
53%
Common term for fish with a non-cartilaginous skeleton{Bony} fish
52%
Also known as the "Jesus Christ lizard"Basilisk
43%
Common trait of humans and birdsBipedalism
20%
Type of mimicry where a harmless animal imitates a dangerous one{Batesian} mimicry
16%
Glowworms and anglerfish share this adaptationBioluminescense
16%
How baby spiders get aroundBallooning
9%

Score Distribution

Percentile by Number Answered

Percent of People with Each Score

Your Score History

You have not taken this quiz